Proč zelený bod?

Vplyv obalov na životné prostredie. Ekológia v službách reklamy, význam použitia označenia "ekologický tovar" a prehľad označení tohto tovaru v rôznych štátoch. Systém a podmienky prideľovania týchto značiek. Štatistické údaje o priemernej svetovej spotrebe obalových materiálov, a jej prognóza. Prax...

Descrizione completa

Salvato in:
Dettagli Bibliografici
Autore principale: Lustig, K.
Natura: Capitolo di libro
Lingua:ceco
Soggetti:
Tags: Aggiungi Tag
Nessun Tag, puoi essere il primo ad aggiungerne!!

MARC

LEADER 00000naa a2200000 4500
001 r011745
005 20220831090918.5
041 0 |a cze 
044 |a [CS] 
245 1 0 |a Proč zelený bod?  |c K. Lustig 
520 |a Vplyv obalov na životné prostredie. Ekológia v službách reklamy, význam použitia označenia "ekologický tovar" a prehľad označení tohto tovaru v rôznych štátoch. Systém a podmienky prideľovania týchto značiek. Štatistické údaje o priemernej svetovej spotrebe obalových materiálov, a jej prognóza. Prax v ČSFR. 
610 2 0 |a obaly 
610 2 0 |a ekológia 
610 2 0 |a údaje štatistické 
610 2 0 |a ČSFR 
610 2 0 |a ochrana prostredia životného 
610 2 0 |a známky ochranné 
100 1 |a Lustig, K.